Recursos naturales en Centroamérica, hoy. Volumen II

Đã lưu trong:
Chi tiết về thư mục
Tác giả của công ty: CSUCA. Programa Centroamericano de Desarrollo Científico y Tecnológico
Định dạng: Không biết
Được phát hành: San José: CSUCA
Những chủ đề:
Các nhãn: Thêm thẻ
Không có thẻ, Là người đầu tiên thẻ bản ghi này!

MARC

LEADER 00000 a2200000 04500
001 14783
003
008 991231s d
040
090 |a 017805  
110 |a CSUCA. Programa Centroamericano de Desarrollo Científico y Tecnológico  
245 |a Recursos naturales en Centroamérica, hoy. Volumen II  
260 |a San José:   |b CSUCA  
300 |a 140 p  
650 |a EDUCACION AMBIENTAL  
999 |c 8353  |d 8353